000 00421nam a2200181Ia 4500
001 24091
005 20260414151020.0
008 260414t1961||||xx |||||||||||||| ||spa||
041 _aESP
082 _a780
_bP86
100 _aPrieberg, Fred K.
_eAUT
245 0 _aMúsica de la era técnica
_b
260 _c1961
300 _a171 páginas :
_c19 cm.
650 _aABD
654 _aCAU
942 _cLIB
_dJUS
_fJUS
_2ddc
_n
999 _c24091
_d24091